Normal view
MARC view
- Tropics
Entry Geographic Name
001 - CONTROL NUMBER
- control field: 100161
003 - CONTROL NUMBER IDENTIFIER
- control field: NUST
005 - DATE AND TIME OF LATEST TRANSACTION
- control field: 20221013131426.0
008 - FIXED-LENGTH DATA ELEMENTS
- fixed length control field: 221013|| aca||aabn | a|a d
040 ## - CATALOGING SOURCE
- Original cataloging agency: NUST
- Transcribing agency: NUST
151 ## - HEADING--GEOGRAPHIC NAME
- Geographic name: Tropics
670 ## - SOURCE DATA FOUND
- Source citation: Work cat.: (NUST)183806: Gordon, Adrian H. 100157, Computations of surface layer air parcel trajectories, and weather, in the oceanic tropics /, [1975]
